Statistics for Mediterranean Sea Drainage Basin Countries

Click here to take the quiz!

General Stats

  • This quiz has been taken 52 times
    (39 since last reset)
  • The average score is 27 of 34

Answer Stats

Country% Correct
France
94%
Israel
91%
Spain
91%
Algeria
89%
Libya
89%
Morocco
89%
Turkey
89%
Bosnia and Herzegovina
86%
Egypt
86%
Greece
86%
Italy
86%
Syria
86%
Tunisia
86%
Bulgaria
83%
Croatia
83%
Lebanon
83%
Macedonia
83%
Montenegro
83%
Serbia
83%
Slovenia
83%
Sudan
80%
Switzerland
80%
Albania
74%
Kosovo
71%
Ethiopia
69%
San Marino
69%
South Sudan
69%
Cyprus
66%
Eritrea
63%
Kenya
60%
Tanzania
60%
Burundi
57%
Rwanda
57%
Uganda
57%

Score Distribution

Percentile by Number Answered

Percent of People with Each Score

Your Score History

You have not taken this quiz since the last reset